Petrography : (Record no. 1721)

MARC details
000 -LEADER
fixed length control field 01085nac a22002891i 4500
003 - CONTROL NUMBER IDENTIFIER
control field EG-ScBUE
005 - DATE AND TIME OF LATEST TRANSACTION
control field 20260312100013.0
008 - FIXED-LENGTH DATA ELEMENTS--GENERAL INFORMATION
fixed length control field 260208t1954 caua f b 001 0 eng d
040 ## - CATALOGING SOURCE
Original cataloging agency EG-ScBUE
Language of cataloging eng
Description conventions rda
Transcribing agency EG-ScBUE
Modifying agency EG-ScBUE
082 04 - DEWEY DECIMAL CLASSIFICATION NUMBER
Classification number 552
Item number WIL
Edition number 22
100 1# - MAIN ENTRY--PERSONAL NAME
Personal name Williams, Howel,
Dates associated with a name 1898-1980,
Relator term author.
245 10 - TITLE STATEMENT
Title Petrography :
Remainder of title an introduction to the study of rocks in thin sections /
Statement of responsibility, etc by Howel Williams, Francis J. Turner, and Charles M. Gilbert, University of California, Berkeley.
264 #1 - PUBLICATION, DISTRIBUTION, ETC. (IMPRINT)
Place of publication, distribution, etc San Francisco :
Name of publisher, distributor, etc W. H. Freeman and Company,
Date of publication, distribution, etc [1954]
264 #4 - PUBLICATION, DISTRIBUTION, ETC. (IMPRINT)
Date of publication, distribution, etc c1954
300 ## - PHYSICAL DESCRIPTION
Extent x, 406 pages :
Other physical details illustrations ;
Dimensions 24 cm
336 ## - CONTENT TYPE
Source rdacontent
Content type term text
Content type code txt
337 ## - MEDIA TYPE
Media type term unmediated
Source rdamedia
Media type code n
338 ## - CARRIER TYPE
Carrier type term volume
Carrier type code nc
Source rdacarrier
504 ## - BIBLIOGRAPHY, ETC. NOTE
Bibliography, etc Includes bibliographical references and index.
650 #7 - SUBJECT ADDED ENTRY--TOPICAL TERM
Topical term or geographic name as entry element Petrology.
Source of heading or term BUEsh
650 #7 - SUBJECT ADDED ENTRY--TOPICAL TERM
Topical term or geographic name as entry element Thin sections (Geology)
Source of heading or term BUEsh
655 ## - INDEX TERM--GENRE/FORM
Form subdivision Reading book
700 1# - ADDED ENTRY--PERSONAL NAME
Personal name Turner, Francis J.,
Relator term author.
700 1# - ADDED ENTRY--PERSONAL NAME
Personal name Gilbert, Charles M.,
Dates associated with a name 1910-
Relator term author.
942 ## - ADDED ENTRY ELEMENTS (KOHA)
Koha item type Book - Borrowing
Source of classification or shelving scheme Dewey Decimal Classification
Holdings
Withdrawn status Lost status Damaged status Not for loan Home library Current library Shelving location Date acquired Source of acquisition Total Checkouts Total Renewals Full call number Barcode Date last seen Date checked out Price effective from Koha item type
        Central Library Central Library First floor 11/12/2006 Purchase 1 3 552 WIL 000002596 15/07/2025 12/02/2019 11/12/2006 Book - Borrowing